<?xml version="1.0" encoding="UTF-8"?>
<record
    xmlns:xsi="http://www.w3.org/2001/XMLSchema-instance"
    xsi:schemaLocation="http://www.loc.gov/MARC21/slim http://www.loc.gov/standards/marcxml/schema/MARC21slim.xsd"
    xmlns="http://www.loc.gov/MARC21/slim">

  <leader>02572nam a2200397 i 4500</leader>
  <controlfield tag="003">CO-MdUADB</controlfield>
  <controlfield tag="005">20240809091510.0</controlfield>
  <controlfield tag="007">ta</controlfield>
  <controlfield tag="008">221213s1984    ab ||||frf||| 00| 0 spa d</controlfield>
  <datafield tag="020" ind1=" " ind2=" ">
    <subfield code="a">9506142785</subfield>
  </datafield>
  <datafield tag="040" ind1=" " ind2=" ">
    <subfield code="a">CO-MdUADB</subfield>
    <subfield code="b">spa</subfield>
    <subfield code="c">CO-MdUADB</subfield>
    <subfield code="e">rda</subfield>
  </datafield>
  <datafield tag="041" ind1="1" ind2=" ">
    <subfield code="a">spa</subfield>
    <subfield code="h">lat</subfield>
  </datafield>
  <datafield tag="082" ind1="0" ind2="4">
    <subfield code="a">189.4</subfield>
  </datafield>
  <datafield tag="100" ind1="0" ind2=" ">
    <subfield code="a">Anselmo, </subfield>
    <subfield code="d">Santo,</subfield>
    <subfield code="e">aut</subfield>
    <subfield code="9">269011</subfield>
  </datafield>
  <datafield tag="245" ind1="1" ind2="0">
    <subfield code="a">Proslogion ; Sobre la verdad / </subfield>
    <subfield code="c">San Anselmo ; traducci&#xF3;n Manuel Fuentes Benot ; pr&#xF3;logo Antonio Rodr&#xED;guez Hu&#xE9;scar ; traducci&#xF3;n, introducci&#xF3;n y notas &#xC1;ngel J. Cappelletti</subfield>
  </datafield>
  <datafield tag="250" ind1=" " ind2=" ">
    <subfield code="a">Primera edici&#xF3;n</subfield>
  </datafield>
  <datafield tag="264" ind1=" " ind2="1">
    <subfield code="a">Buenos Aires :</subfield>
    <subfield code="b">Ediciones Orbis,</subfield>
    <subfield code="c">1984</subfield>
  </datafield>
  <datafield tag="300" ind1=" " ind2=" ">
    <subfield code="a">161 p&#xE1;ginas ;</subfield>
    <subfield code="c">20 cm.</subfield>
  </datafield>
  <datafield tag="336" ind1=" " ind2=" ">
    <subfield code="2">rdacontent</subfield>
    <subfield code="a">texto</subfield>
    <subfield code="b">txt</subfield>
  </datafield>
  <datafield tag="337" ind1=" " ind2=" ">
    <subfield code="a">no mediado</subfield>
  </datafield>
  <datafield tag="338" ind1=" " ind2=" ">
    <subfield code="a">volumen</subfield>
  </datafield>
  <datafield tag="377" ind1=" " ind2=" ">
    <subfield code="a">lat</subfield>
    <subfield code="l">Lat&#xED;n</subfield>
  </datafield>
  <datafield tag="490" ind1="0" ind2=" ">
    <subfield code="a">Historia del pensamiento ;</subfield>
    <subfield code="v">41</subfield>
  </datafield>
  <datafield tag="500" ind1=" " ind2=" ">
    <subfield code="a">BIBLIOTECA CARLOS GAVIRIA D&#xCD;AZ : PROCEDENCIA : Con adhesivo de la Librer&#xED;a Oma Libros, donde se adquiri&#xF3; el texto.</subfield>
  </datafield>
  <datafield tag="500" ind1=" " ind2=" ">
    <subfield code="a">MATERIAL ACOMPA&#xD1;ANTE : Con separador encontrado entre las p&#xE1;ginas 36 y 37.
</subfield>
  </datafield>
  <datafield tag="500" ind1=" " ind2=" ">
    <subfield code="a">Incluye &#xED;ndice.</subfield>
  </datafield>
  <datafield tag="505" ind1="2" ind2="0">
    <subfield code="g">1. Proslogion. --</subfield>
    <subfield code="t">Respuesta en favor del insensato /</subfield>
    <subfield code="r">por Gaunilo --</subfield>
    <subfield code="t">Respuesta a Gaunilo /</subfield>
    <subfield code="r">por San Anselmo --</subfield>
    <subfield code="g">2. Sobre la verdad --</subfield>
    <subfield code="t">Prefacio --</subfield>
    <subfield code="t">Cap&#xED;tulo Primero: Que la verdad no tiene principio ni fin --</subfield>
    <subfield code="t">Cap&#xED;tulo II: Sobre la verdad de la expresi&#xF3;n y las dos verdades de la enunciaci&#xF3;n --</subfield>
    <subfield code="t">Cap&#xED;tulo III: Sobre la verdad de la opini&#xF3;n --</subfield>
    <subfield code="t">Cap&#xED;tulo IV: Sobre la verdad de la voluntad --</subfield>
    <subfield code="t">Cap&#xED;tulo V: Sobre la verdad de la acci&#xF3;n natural y no natural --</subfield>
    <subfield code="t">Cap&#xED;tulo VI: Sobre la verdad de los sentidos --</subfield>
    <subfield code="t">Cap&#xED;tulo VII: Sobre la verdad de la esencia de las cosas --</subfield>
    <subfield code="t">Cap&#xED;tulo VIII: De los diversos sentidos de "deber" y "no deber", "poder" y "no poder" --</subfield>
    <subfield code="t">Cap&#xED;tulo IX: Que toda acci&#xF3;n expresa algo verdadero o algo falso --</subfield>
    <subfield code="t">Cap&#xED;tulo X: Sobre la verdad suprema --</subfield>
    <subfield code="t">Cap&#xED;tulo XI: Sobre la definici&#xF3;n de la verdad --</subfield>
    <subfield code="t">Cap&#xED;tulo XII: Sobre la definici&#xF3;n de la justicia --</subfield>
    <subfield code="t">Cap&#xED;tulo XIII: Que una sola es la verdad en todas las cosas verdaderas.</subfield>
  </datafield>
  <datafield tag="521" ind1=" " ind2=" ">
    <subfield code="a">P&#xFA;blico destinatario : P&#xFA;blico general.</subfield>
  </datafield>
  <datafield tag="650" ind1="1" ind2="7">
    <subfield code="a">Ontolog&#xED;a</subfield>
    <subfield code="2">lemb</subfield>
    <subfield code="9">1524</subfield>
  </datafield>
  <datafield tag="650" ind1="1" ind2="7">
    <subfield code="a">Existencia de Dios</subfield>
    <subfield code="2">lemb</subfield>
    <subfield code="9">900</subfield>
  </datafield>
  <datafield tag="650" ind1="1" ind2="7">
    <subfield code="a">Filosof&#xED;a</subfield>
    <subfield code="2">lemb</subfield>
    <subfield code="9">234416</subfield>
  </datafield>
  <datafield tag="700" ind1="1" ind2=" ">
    <subfield code="a">Fuentes Benot, Manuel</subfield>
    <subfield code="e">trl</subfield>
    <subfield code="t">Proslogion</subfield>
    <subfield code="9">477092</subfield>
  </datafield>
  <datafield tag="700" ind1="1" ind2=" ">
    <subfield code="a">Rodr&#xED;guez Hu&#xE9;scar, Antonio, </subfield>
    <subfield code="e">aui</subfield>
    <subfield code="t">Proslogion</subfield>
    <subfield code="9">486457</subfield>
    <subfield code="c">Fil&#xF3;sofo espa&#xF1;ol,</subfield>
    <subfield code="d">1912-1990</subfield>
  </datafield>
  <datafield tag="700" ind1="1" ind2=" ">
    <subfield code="a">Cappelletti, &#xC1;ngel J.,</subfield>
    <subfield code="e">trl</subfield>
    <subfield code="e">win</subfield>
    <subfield code="e">wac</subfield>
    <subfield code="t">Sobre la verdad</subfield>
    <subfield code="9">269062</subfield>
    <subfield code="d">1927-1995</subfield>
  </datafield>
  <datafield tag="942" ind1=" " ind2=" ">
    <subfield code="2">ddc</subfield>
    <subfield code="c">BOOK</subfield>
  </datafield>
  <datafield tag="999" ind1=" " ind2=" ">
    <subfield code="c">855729</subfield>
    <subfield code="d">855729</subfield>
  </datafield>
  <datafield tag="952" ind1=" " ind2=" ">
    <subfield code="0">0</subfield>
    <subfield code="1">0</subfield>
    <subfield code="2">ddc</subfield>
    <subfield code="4">0</subfield>
    <subfield code="5">1</subfield>
    <subfield code="7">0</subfield>
    <subfield code="8">FCGD</subfield>
    <subfield code="a">BC</subfield>
    <subfield code="b">BC</subfield>
    <subfield code="d">2022-12-13</subfield>
    <subfield code="e">Familia Carlos Gaviria D&#xED;az</subfield>
    <subfield code="f">DONA</subfield>
    <subfield code="g">35000.00</subfield>
    <subfield code="l">0</subfield>
    <subfield code="o">CGD 189.4 A618</subfield>
    <subfield code="p">01104198</subfield>
    <subfield code="r">2022-12-13 00:00:00</subfield>
    <subfield code="w">2022-12-13</subfield>
    <subfield code="y">BOOKI</subfield>
  </datafield>
</record>
